Estadísticas para Países más Poblados - 1 DC

Haz click aquí para intentar la prueba.

Estadísticas generales

  • Esta prueba ha sido intentada 1.732 veces
  • La puntuación promedio es 15 de 20

Estadísticas de respuestas

PoblaciónPaís% Correcto
55 MChina
99%
3 MEspaña
94%
36 MIndia
93%
4 MFrancia
92%
4 MAlemania
90%
7 MItalia
90%
3 MJapón
88%
4 MEgipto
84%
8 MTurquía
80%
2 MGrecia
77%
4 MIrán
77%
2 MMéxico
70%
2 MPakistán
66%
2 MIndonesia
65%
2 MArgelia
56%
2 MSiria
56%
2 MBangladés
48%
2 MNigeria
46%
2 MAfganistán
45%
2 MSudán
43%

Distribución de puntuación

Porcentaje por número respondido

Porcentaje de gente con cada puntuación

Historial de tus puntuaciones

No has intentado esta prueba.